Southville International School and Colleges
Your cart is empty.
  • Cart
  • Lists
    Public lists Eva Luna New books Lux_list list_1
    Your lists Log in to create your own lists
  • Log in to your account
  • Your cookies
  • Search history
Southville International School and Colleges
  • Advanced search
  • Recent comments
  • Most popular
  • Libraries

Log in to your account

Log in with GOOGLE


If you do not have an external account, but do have a local account, you can still log in:

  1. Home
  2. MARC view: Introduction to information systems /
Normal view MARC view ISBD view

Introduction to information systems / (Record no. 23671)

[ view plain ]
MARC details
000 -LEADER
fixed length control field 00654nam a2200217 a 4500
005 - DATE AND TIME OF LATEST TRANSACTION
control field 20140310183457.0
008 - FIXED-LENGTH DATA ELEMENTS--GENERAL INFORMATION
fixed length control field 091210s19uu xx 00 eng d
020 ## - INTERNATIONAL STANDARD BOOK NUMBER
International Standard Book Number 9789814272810
050 ## - LIBRARY OF CONGRESS CALL NUMBER
Classification number T 58.5
Item number .St782 2009
100 ## - MAIN ENTRY--PERSONAL NAME
Personal name Stair, Ralph M.
245 ## - TITLE STATEMENT
Title Introduction to information systems /
Statement of responsibility, etc Ralph M. Stair, George W. Reynolds.
260 ## - PUBLICATION, DISTRIBUTION, ETC. (IMPRINT)
Place of publication, distribution, etc Australia :
Name of publisher, distributor, etc CENGAGE Learning,
Date of publication, distribution, etc 2009.
300 ## - PHYSICAL DESCRIPTION
Extent 464 p. :
Other physical details ill. ;
Dimensions 25 cm.
521 ## - TARGET AUDIENCE NOTE
Target audience note
650 ## - SUBJECT ADDED ENTRY--TOPICAL TERM
Topical term or geographic name as entry element Electronic digital computers.
650 ## - SUBJECT ADDED ENTRY--TOPICAL TERM
Topical term or geographic name as entry element Electronic data processing.
650 ## - SUBJECT ADDED ENTRY--TOPICAL TERM
Topical term or geographic name as entry element Information systems.
700 ## - ADDED ENTRY--PERSONAL NAME
Personal name Reyolds, George W.
942 ## - ADDED ENTRY ELEMENTS (KOHA)
Koha item type Books
Source of classification or shelving scheme Library of Congress Classification
Call number prefix Foreign
Holdings
Withdrawn status Lost status Source of classification or shelving scheme Damaged status Home library Current library Shelving location Date acquired Source of acquisition Cost, normal purchase price Total Checkouts Full call number Barcode Date last seen Date checked out Copy number Price effective from Koha item type
    Library of Congress Classification   College Library College Library General Circulation Section 12/10/2009   398.00 2 T 58.5 .St782 2009 C10729 05/15/2018 08/08/2015 1 10/18/2013 Books

Introduction to information systems /

APA

Stair R. M., Reyolds G. W., . (2009). Introduction to information systems. Australia: CENGAGE Learning.

Chicago

Stair Ralph M, Reyolds George W, . 2009. Introduction to information systems. Australia: CENGAGE Learning.

Harvard

Stair R. M., Reyolds G. W., . (2009). Introduction to information systems. Australia: CENGAGE Learning.

MLA

Stair Ralph M, Reyolds George W, . Introduction to information systems. Australia: CENGAGE Learning. 2009.

  • Place hold
  • Print
  • Cite
  • Add to your cart (remove)
  • Save record
    BIBTEX Dublin Core MARCXML MARC (non-Unicode/MARC-8) MARC (Unicode/UTF-8) MARC (Unicode/UTF-8, Standard) MODS (XML) RIS
  • More searches
    Search for this title in:
    Other Libraries (WorldCat) Other Databases (Google Scholar) Online Stores (Bookfinder.com) Open Library (openlibrary.org)

Exporting to Dublin Core...

SOUTHVILLE LIBRARY

Southville International School and Colleges Library

1281 Tropical Ave. Cor. Luxembourg St., BF Homes International, Las Pinas City

Tel. No. 8256374 / 252358 Loc. 117/146

Powered by Koha